Ornumental carpentry (Record no. 2872)

MARC details
000 -LEADER
fixed length control field 00599nam a2200157Ia 4500
008 - FIXED-LENGTH DATA ELEMENTS--GENERAL INFORMATION
fixed length control field 210331s9999||||xx |||||||||||||| ||und||
040 ## - CATALOGING SOURCE
Transcribing agency STCPL
082 ## - DEWEY DECIMAL CLASSIFICATION NUMBER
Classification number 739.22
Item number WAR-O
100 ## - MAIN ENTRY--PERSONAL NAME
Personal name Ward Lock
245 #0 - TITLE STATEMENT
Title Ornumental carpentry
260 ## - PUBLICATION, DISTRIBUTION, ETC.
Place of publication, distribution, etc. Bombay
Name of publisher, distributor, etc. Ward Lock & Com,
Date of publication, distribution, etc. 1893
300 ## - PHYSICAL DESCRIPTION
Extent P- 135 18 CM
650 ## - SUBJECT ADDED ENTRY--TOPICAL TERM
Topical term or geographic name entry element GeneralConstituting In Combination With The Existing Volumes Of The The Ninth Edition, The Tenth Edition Of Tthat Work, And Also Supplying A New, Distinctive, And Independent Library Of Reference Dealing With Recent Events And Developments
942 ## - ADDED ENTRY ELEMENTS (KOHA)
Koha item type Books
041 ## - LANGUAGE CODE
Language code of original English
Holdings
Withdrawn status Lost status Damaged status Not for loan Home library Current library Shelving location Date acquired Total Checkouts Full call number Barcode Date last seen Price effective from Koha item type
        ST. THOMAS COLLEGE LIBRARY, PALAI ST. THOMAS COLLEGE LIBRARY, PALAI   2021-07-10   739.22 WAR-O 4272 2021-07-10 2021-07-10 Books
Rights reserved ©2021 ST. THOMAS COLLEGE LIBRARY
A joint venture of - St. Thomas College Library and
Department of Computer Science, St. Thomas Collge Palai